000 01116nam0a2200301 4500
001 RU\NLR\BIBL_A\022497257
005 20250806210647.0
035 _a(NLR Aleph) 022497257
090 _a86454
_c86454
100 _a20250320a1941 u y0rusy50 ca
101 0 _aarm
102 _aAM
105 _ay z 000 y
181 0 _ai
_baxxe
182 0 _an
200 1 _aԽնայողական գործ
_fԼ.Վալլեր
203 _aТекст
_bвизуальный
_cнепосредственный
205 _a3-րդ հրատարակչություն
210 _aԵրեվան
_bպետաշխխնայդրամարկղների պետվարկի հայկական ՍՍՌ վարչություն
_d1941
215 _a[54] c.
_d22
541 1 _6z01790
_aСберегательное дело
_zrus
700 1 _aՎալլեր
_bԼ.
_4700
790 0 _6z01541
_aВаллер
_bЛ.Б.
_gЛазарь Борисович
_4700
942 _cBOOK
945 _aРоссийская национальная библиотека
_aНациональная библиотека Армении
980 _aNB
980 _aBV